[Event "32.Schlosspark-Open"]
[Site "Wiesbaden-Biebrich"]
[Date "2023.08.25"]
[Round "3.26"]
[White "Schmitt, Carsten"]
[Black "Ensslinger, Colin"]
[Result "0-1"]
[WhiteElo "1874"]
[BlackElo "2043"]
[PlyCount "104"]
[EventDate "2023.??.??"]
[WhiteTeam "SV Bergwinkel"]
[BlackTeam "SF Schwaigern"]

1. c4 Nf6 2. g3 e6 3. Bg2 d5 4. Nf3 Be7 5. O-O O-O 6. b3 d4 7. e3 c5 8. exd4 cxd4 9. d3 Nc6 10. Re1 Ne8 11. Ne5 Nxe5 12. Rxe5 f6 13. Re1 e5 14. Bd5+ Kh8 15. Qh5 Qd7 16. Bf7 Nd6 17. Bg6 Qh3 18. f4 Qxh5 19. Bxh5 Bf5 20. fxe5 fxe5 21. Rxe5 Bxd3 22. Bf4 Bf6 23. Rd5 Ne4 24. Nd2 g5 25. Nxe4 Bxe4 26. Rxg5 Bxg5 27. Bxg5 Rf5 28. h4 Kg7 29. g4 Rf3 30. Re1 Bg6 31. Bxg6 hxg6 32. Re7+ Rf7 33. Re4 Rd7 34. Re6 d3 35. Bd2 Rf8 36. h5 gxh5 37. gxh5 Kf7 38. Re4 Re8 39. Rf4+ Kg8 40. Rf2 Re2 41. Kf1 Rde7 42. Bb4 Rxf2+ 43. Kxf2 Re2+ 44. Kf3 Kh7 45. Bd6 Re6 46. Bb4 Re2 47. Bd6 Kh6 48. a3 Kxh5 49. Bc5 a6 50. Bd4 Kg6 51. a4 Kf5 52. a5 Rh2 0-1

[Event "32.Schlosspark-Open"]
[Site "Wiesbaden-Biebrich"]
[Date "2023.08.25"]
[Round "3.27"]
[White "Memic, Miodrag"]
[Black "Mrsic, Ivan"]
[Result "1/2-1/2"]
[WhiteElo "2055"]
[BlackElo "1692"]
[PlyCount "29"]
[EventDate "2023.??.??"]
[WhiteTeam "SV Mainz-Mombach"]
[BlackTeam "Mainz-Kastel"]

1. e4 c5 2. Nf3 d6 3. Bc4 e6 4. d3 Nc6 5. c3 Nf6 6. O-O Be7 7. Re1 O-O 8. a3 d5 9. Bb3 dxe4 10. dxe4 Qxd1 11. Bxd1 Rd8 12. Be2 b6 13. Nbd2 Bb7 14. Nf1 Rac8 15. Ng3 1/2-1/2

[Event "32.Schlosspark-Open"]
[Site "Wiesbaden-Biebrich"]
[Date "2023.08.25"]
[Round "3.28"]
[White "Dietrich, Leif"]
[Black "Marzahn, Heiko"]
[Result "0-1"]
[WhiteElo "1879"]
[BlackElo "2031"]
[PlyCount "74"]
[EventDate "2023.??.??"]
[WhiteTeam "Hamburger SK von 1830 eV"]
[BlackTeam "SF Eltville"]

1. e4 e5 2. Nf3 Nc6 3. d4 exd4 4. Nxd4 Nf6 5. Nxc6 bxc6 6. e5 Qe7 7. Qe2 Nd5 8. h4 a5 9. Nd2 f6 10. c4 Nf4 11. Qe4 Qxe5 12. g3 Ne6 13. Bg2 Nc5 14. Qxe5+ fxe5 15. O-O Nd3 16. Nf3 Bc5 17. Nxe5 Nxe5 18. Re1 O-O 19. Rxe5 Bxf2+ 20. Kh2 Ba6 21. Rxa5 Bxc4 22. Bd2 Bd4 23. Re1 Rxa5 24. Bxa5 Rf2 25. Re4 c5 26. Kh3 Be6+ 27. g4 Rxb2 28. a4 Bd5 29. Re8+ Kf7 30. Bxd5+ Kxe8 31. Bxc7 Rb4 32. a5 c4 33. a6 c3 34. Be5 Bxe5 35. a7 Ra4 36. a8=Q+ Rxa8 37. Bxa8 c2 0-1

[Event "32.Schlosspark-Open"]
[Site "Wiesbaden-Biebrich"]
[Date "2023.08.25"]
[Round "3.29"]
[White "Launert, Martin"]
[Black "Bakiev, Diyor"]
[Result "0-1"]
[WhiteElo "1870"]
[BlackElo "2182"]
[PlyCount "66"]
[EventDate "2023.??.??"]
[WhiteTeam "SF Eltville"]
[BlackTeam "Wiesbadener SV 1885"]

1. e4 c6 2. d4 d5 3. e5 Bf5 4. c4 e6 5. Nc3 Ne7 6. h3 Nd7 7. Nf3 dxc4 8. Bxc4 Nb6 9. Bb3 Ned5 10. O-O Be7 11. Qe2 O-O 12. Rd1 Rc8 13. Ne4 h6 14. Bd2 Qc7 15. Rac1 Rfd8 16. Ba5 Qb8 17. a3 Re8 18. Bd2 Nd7 19. Ng3 Bg6 20. Bc2 Bxc2 21. Rxc2 c5 22. dxc5 Bxc5 23. Rdc1 Bb6 24. Nh5 Rxc2 25. Rxc2 Rc8 26. Rxc8+ Qxc8 27. Qe4 Ne7 28. Nh4 Qc5 29. Qg4 Qxf2+ 30. Kh2 Qg1+ 31. Kg3 Bf2+ 32. Kf4 Nd5+ 33. Ke4 Qb1+ 0-1

[Event "32.Schlosspark-Open"]
[Site "Wiesbaden-Biebrich"]
[Date "2023.08.25"]
[Round "3.30"]
[White "Gundlach, Michael"]
[Black "Emig, Nils"]
[Result "1/2-1/2"]
[WhiteElo "2130"]
[BlackElo "1843"]
[PlyCount "61"]
[EventDate "2023.??.??"]
[WhiteTeam "Sfr.Mainz 1928"]
[BlackTeam "SK Marburg 1931/72"]

1. c4 Nf6 2. g3 g6 3. Bg2 Bg7 4. Nc3 d6 5. e4 e5 6. Nge2 Nc6 7. d3 h6 8. O-O O-O 9. Nd5 Kh7 10. f3 Ne7 11. Be3 Nd7 12. Qd2 f5 13. Rae1 c6 14. Nxe7 Qxe7 15. exf5 Rxf5 16. f4 Rf8 17. Kh1 Nf6 18. fxe5 dxe5 19. d4 Ng4 20. dxe5 Nxe5 21. b3 Bf5 22. Nd4 Rad8 23. Nxf5 Rxf5 24. Qe2 Rxf1+ 25. Qxf1 Nd3 26. Re2 Re8 27. Bf3 Qf8 28. Kg2 a6 29. Bg1 Ne5 30. Be4 Qd6 31. Be3 1/2-1/2

[Event "32.Schlosspark-Open"]
[Site "Wiesbaden-Biebrich"]
[Date "2023.08.25"]
[Round "3.31"]
[White "Kolker, Vladislav"]
[Black "Mulder, Bart-Piet"]
[Result "1/2-1/2"]
[WhiteElo "1863"]
[BlackElo "2123"]
[PlyCount "54"]
[EventDate "2023.??.??"]
[WhiteTeam "SC Bad Nauheim"]
[BlackTeam "de Wijker Toren"]

1. e4 c6 2. Nf3 d5 3. exd5 cxd5 4. Ne5 Nf6 5. d4 e6 6. c3 Be7 7. Bd3 Nc6 8. f4 Bd7 9. O-O g6 10. Qe2 O-O 11. Nd2 Ne8 12. Ndf3 f6 13. Nxd7 Qxd7 14. Bd2 Ng7 15. Rae1 Rae8 16. h3 Bd6 17. g4 Qc7 18. Nh4 e5 19. fxe5 fxe5 20. Rxf8+ Rxf8 21. dxe5 Nxe5 22. Rf1 Rxf1+ 23. Kxf1 Qf7+ 24. Kg2 Ne6 25. Qf1 Nc5 26. Qxf7+ Kxf7 27. Be2 Ne4 1/2-1/2

[Event "32.Schlosspark-Open"]
[Site "Wiesbaden-Biebrich"]
[Date "2023.08.25"]
[Round "3.32"]
[White "Meuer, David"]
[Black "Trenz, Finn"]
[Result "1-0"]
[WhiteElo "1936"]
[BlackElo "1837"]
[PlyCount "119"]
[EventDate "2023.??.??"]
[WhiteTeam "SV Turm Lahnstein"]
[BlackTeam "SV Multatuli Ingelheim e.V."]

1. e4 c6 2. d4 d5 3. Nc3 dxe4 4. Nxe4 Nf6 5. Nxf6+ exf6 6. c3 Bd6 7. Bd3 O-O 8. Qc2 Re8+ 9. Ne2 h5 10. O-O h4 11. h3 Nd7 12. Bd2 Nf8 13. Rae1 Be6 14. f4 Qc7 15. f5 Bd7 16. c4 Nh7 17. c5 Bh2+ 18. Kh1 Re7 19. Nc3 Rxe1 20. Bxe1 Bg3 21. Bxg3 Qxg3 22. Ne4 Qe3 23. Qc3 Ng5 24. Re1 Nxe4 25. Rxe3 Nxc3 26. bxc3 Re8 27. Rxe8+ Bxe8 28. c4 Kf8 29. Kg1 Ke7 30. Kf2 Kd8 31. Ke3 Kc7 32. Kd2 b6 33. cxb6+ Kxb6 34. c5+ Ka5 35. Kc3 Bd7 36. Kc4 g6 37. d5 gxf5 38. Be2 Ka6 39. Bf3 Kb7 40. dxc6+ Bxc6 41. Bxc6+ Kxc6 42. a3 a6 43. a4 Kc7 44. Kd5 Kd7 45. c6+ Kc7 46. Kc5 f4 47. Kd5 Kc8 48. Kd6 Kd8 49. c7+ Kc8 50. Kc6 a5 51. Kb6 f5 52. Kc6 f3 53. gxf3 f4 54. Kb6 f5 55. Kxa5 Kxc7 56. Kb5 Kb7 57. Kc5 Ka6 58. Kd5 Ka5 59. Ke5 Kxa4 60. Kxf4 1-0

[Event "32.Schlosspark-Open"]
[Site "Wiesbaden-Biebrich"]
[Date "2023.08.25"]
[Round "3.33"]
[White "Li, Maxim"]
[Black "Busch, Malte"]
[Result "1-0"]
[WhiteElo "2030"]
[BlackElo "1825"]
[PlyCount "55"]
[EventDate "2023.??.??"]
[WhiteTeam "Wiesbadener SV 1885"]
[BlackTeam "SC 1979 Hattersheim"]

1. e4 d6 2. Nc3 Nf6 3. d4 c6 4. f4 Qa5 5. e5 Ne4 6. Nf3 Bg4 7. Be2 dxe5 8. fxe5 e6 9. O-O Nxc3 10. bxc3 Be7 11. Bd2 Qc7 12. Bd3 Nd7 13. Rb1 O-O 14. Qe1 f5 15. exf6 Bxf6 16. h3 Bf5 17. Bg5 Rae8 18. Qe3 Bxd3 19. Qxd3 e5 20. Bxf6 gxf6 21. Nh4 e4 22. Qe3 Nb6 23. Nf5 Nd5 24. Qh6 e3 25. Rf3 e2 26. Re1 Rf7 27. Qd2 Re4 28. Nh6+ 1-0

[Event "32.Schlosspark-Open"]
[Site "Wiesbaden-Biebrich"]
[Date "2023.08.25"]
[Round "3.34"]
[White "Flackus, Stefan"]
[Black "Simon, Eric"]
[Result "0-1"]
[WhiteElo "1832"]
[BlackElo "2029"]
[PlyCount "118"]
[EventDate "2023.??.??"]
[WhiteTeam "Vorw.Orient Mainz"]
[BlackTeam "SF Eltville"]

1. e4 d6 2. d4 Nf6 3. Nc3 g6 4. f3 Bg7 5. Be3 c6 6. Qd2 Nbd7 7. Bh6 Bxh6 8. Qxh6 Qa5 9. h4 b5 10. Qg5 h6 11. Qd2 Ba6 12. Bd3 b4 13. Nce2 Rb8 14. Bxa6 Qxa6 15. h5 g5 16. Ng3 e6 17. N1e2 b3 18. c3 Nb6 19. O-O Nc4 20. Qd3 bxa2 21. b4 d5 22. Nc1 Qb6 23. Rxa2 a5 24. bxa5 Nxa5 25. f4 Nd7 26. fxg5 hxg5 27. Qf3 f6 28. exd5 cxd5 29. Qd3 f5 30. Nxf5 exf5 31. Qxf5 Rf8 32. Re2+ Kd8 33. Qxg5+ Kc7 34. Rxf8 Rxf8 35. Qxd5 Nc6 36. Re6 Qa6 37. Qd6+ Kd8 38. Ne2 Qa1+ 39. Kh2 Ncb8 40. c4 Qe1 41. Ng3 Qd2 42. Rg6 Kc8 43. c5 Rf4 44. Rg8+ Kb7 45. c6+ Ka7 46. cxd7 Rh4+ 47. Kg1 Qe3+ 48. Kf1 Rf4+ 49. Qxf4 Qxf4+ 50. Ke2 Nxd7 51. Kd3 Nf6 52. Rg7+ Kb8 53. Rg6 Ng4 54. Rg8+ Kb7 55. Rg7+ Kb6 56. Rg6+ Kb5 57. h6 Qxg3+ 58. Ke4 Qe3+ 59. Kf5 Nxh6+ 0-1

[Event "32.Schlosspark-Open"]
[Site "Wiesbaden-Biebrich"]
[Date "2023.08.25"]
[Round "3.35"]
[White "Schneider, Jörg"]
[Black "Weber, Nikita"]
[Result "0-1"]
[WhiteElo "2025"]
[BlackElo "1650"]
[PlyCount "108"]
[EventDate "2023.??.??"]
[WhiteTeam "Sfr.Mainz 1928"]
[BlackTeam "Vorw.Orient Mainz"]

1. c4 d6 2. g3 g6 3. Bg2 Bg7 4. Nc3 Nd7 5. d3 e5 6. e4 Ne7 7. Nge2 O-O 8. O-O c6 9. Be3 f5 10. Qd2 Nf6 11. Bg5 Be6 12. Rac1 Qd7 13. f4 Rad8 14. b3 Qc7 15. h3 Qd7 16. Kh2 Kh8 17. exf5 gxf5 18. Rce1 Ng6 19. d4 e4 20. d5 cxd5 21. Nxd5 Bxd5 22. cxd5 Rc8 23. Rc1 Ne7 24. Bxf6 Bxf6 25. a4 Rc5 26. Rxc5 dxc5 27. Rd1 Rd8 28. Nc3 Bd4 29. Kh1 Nxd5 30. Ne2 Ne3 31. Rc1 b6 32. Qe1 Bb2 33. Rb1 Qe6 34. Nc3 Nc2 35. Qf2 Bxc3 36. Qxc2 Qf6 37. Rd1 Bd4 38. Qe2 Re8 39. Qb5 Re7 40. Qa6 Qe6 41. Rb1 Bf2 42. Qe2 Bxg3 43. Qb2+ Rg7 44. Rd1 h6 45. Rf1 Kh7 46. a5 Qd6 47. axb6 axb6 48. Qc1 Rd7 49. Qc4 Re7 50. Qc1 e3 51. Qc2 e2 52. Re1 Qe6 53. Rxe2 Qxe2 54. Qxf5+ Kg7 0-1

[Event "32.Schlosspark-Open"]
[Site "Wiesbaden-Biebrich"]
[Date "2023.08.25"]
[Round "3.36"]
[White "Mohammadzadeh, Daris"]
[Black "Pioch, Thomas"]
[Result "1/2-1/2"]
[WhiteElo "1701"]
[BlackElo "2022"]
[PlyCount "49"]
[EventDate "2023.??.??"]
[WhiteTeam "Vorw.Orient Mainz"]
[BlackTeam "Wiesbaden"]

1. e4 e6 2. Nf3 d5 3. Bd3 dxe4 4. Bxe4 Nf6 5. Nc3 Bb4 6. Qe2 Nbd7 7. O-O O-O 8. a3 Be7 9. b3 Nxe4 10. Nxe4 b6 11. Bb2 Bb7 12. d3 a5 13. a4 Nf6 14. Nfd2 Nxe4 15. Nxe4 f5 16. Ng3 Qd5 17. f3 Bf6 18. Bxf6 Rxf6 19. Rae1 g5 20. Qe5 Qxe5 21. Rxe5 Kf7 22. Ne2 Rd8 23. Re1 Rd6 24. Ng3 Rd5 25. R5e2 1/2-1/2

[Event "32.Schlosspark-Open"]
[Site "Wiesbaden-Biebrich"]
[Date "2023.08.25"]
[Round "3.37"]
[White "Schramm, Luca"]
[Black "Althoff, Guntram"]
[Result "0-1"]
[WhiteElo "1688"]
[BlackElo "2019"]
[PlyCount "44"]
[EventDate "2023.??.??"]
[WhiteTeam "SC Einrich e.V."]
[BlackTeam "SF Eltville"]

1. d4 Nf6 2. Bf4 e6 3. e3 c5 4. Nd2 cxd4 5. exd4 d5 6. c3 Nc6 7. Ngf3 Bd6 8. Ne5 Bxe5 9. dxe5 Nd7 10. Nf3 Qc7 11. Bb5 O-O 12. O-O Ndxe5 13. Nxe5 Nxe5 14. Re1 Qb6 15. Rxe5 Qxb5 16. Qc2 f6 17. Rh5 g6 18. Rh4 e5 19. Bh6 Rf7 20. Rd1 Be6 21. Be3 Rc8 22. Rb4 Qxb4 0-1

[Event "32.Schlosspark-Open"]
[Site "Wiesbaden-Biebrich"]
[Date "2023.08.25"]
[Round "3.38"]
[White "Hoffmann, Christian"]
[Black "Fucik, Timo"]
[Result "0-1"]
[WhiteElo "1797"]
[BlackElo "2009"]
[PlyCount "34"]
[EventDate "2023.??.??"]
[WhiteTeam "SAbt BKA Wiesbaden"]
[BlackTeam "SK 1926 Ettlingen"]

1. d4 d5 2. c4 c6 3. Nc3 dxc4 4. e4 b5 5. Nf3 Nf6 6. Qc2 e6 7. Bg5 h6 8. Bh4 g5 9. Bg3 Qa5 10. Be5 Nbd7 11. Bd6 Bxd6 12. e5 b4 13. Bxc4 bxc3 14. O-O g4 15. Bxe6 gxf3 16. exd6 fxe6 17. Qg6+ Kf8 0-1

[Event "32.Schlosspark-Open"]
[Site "Wiesbaden-Biebrich"]
[Date "2023.08.25"]
[Round "3.40"]
[White "Leck, Gerrit"]
[Black "Fröhlich-Dill, Astrid"]
[Result "1/2-1/2"]
[WhiteElo "1981"]
[BlackElo "1775"]
[PlyCount "63"]
[EventDate "2023.??.??"]
[WhiteTeam "SV Lahn Limburg"]
[BlackTeam "SV 1920 Hofheim"]

1. e4 e6 2. d4 b6 3. Nf3 Bb7 4. Bd3 c5 5. O-O cxd4 6. Nxd4 Nc6 7. Nb3 Nf6 8. f4 Nb4 9. Nc3 Nxd3 10. cxd3 a5 11. a4 d5 12. e5 Nd7 13. Nd4 Bc5 14. Be3 Ba6 15. Rf3 Bxd4 16. Bxd4 g6 17. Bf2 Nc5 18. Ne2 O-O 19. Rh3 Rc8 20. Bh4 f6 21. exf6 Rf7 22. Nd4 Qd6 23. Qe2 Qxf4 24. Nxe6 Nxe6 25. Qxe6 Rc1+ 26. Rxc1 Qxc1+ 27. Be1 Qc5+ 28. Kh1 Bc8 29. Qe8+ Qf8 30. Qxf8+ Rxf8 31. Rf3 Bg4 32. f7+ 1/2-1/2

[Event "32.Schlosspark-Open"]
[Site "Wiesbaden-Biebrich"]
[Date "2023.08.25"]
[Round "3.41"]
[White "Meaubert, Thomas"]
[Black "Burkart, Lloyd Shang"]
[Result "0-1"]
[WhiteElo "1788"]
[BlackElo "1891"]
[PlyCount "74"]
[EventDate "2023.??.??"]
[WhiteTeam "SC Flörsheim 1921"]
[BlackTeam "SV 1920 Hofheim"]

1. d4 Nf6 2. Nf3 d5 3. e3 e6 4. Bd3 c5 5. c3 Nc6 6. Nbd2 Bd6 7. O-O O-O 8. dxc5 Bxc5 9. e4 e5 10. Qe2 d4 11. Nb3 Bb6 12. cxd4 exd4 13. Bg5 h6 14. Bh4 Re8 15. Rfe1 Bg4 16. h3 Bxf3 17. gxf3 Qd7 18. Kh2 Re5 19. Bxf6 Rh5 20. Qf1 gxf6 21. f4 Bc7 22. e5 fxe5 23. Be2 Rh4 24. Qg2+ Kf8 25. Rg1 e4 26. Qg7+ Ke7 27. Bg4 Bxf4+ 28. Kg2 Qd5 29. Rad1 Be5 30. Qh7 Rh8 31. Qf5 Rg8 32. Rge1 h5 33. Nxd4 Nxd4 34. Rxe4 Rhxg4+ 35. hxg4 Rxg4+ 36. Qxg4 hxg4 37. Rdxd4 Qxd4 0-1

[Event "32.Schlosspark-Open"]
[Site "Wiesbaden-Biebrich"]
[Date "2023.08.25"]
[Round "3.42"]
[White "Villani, Cristian"]
[Black "Mehlen, Theodor"]
[Result "1/2-1/2"]
[WhiteElo "1986"]
[BlackElo "1801"]
[PlyCount "93"]
[EventDate "2023.??.??"]
[WhiteTeam "SK Durlach"]
[BlackTeam "SC Matt im Park Ffm"]

1. Nf3 Nf6 2. c4 e6 3. Nc3 d5 4. d4 Be7 5. Bg5 O-O 6. e3 h6 7. Bxf6 Bxf6 8. Rc1 c6 9. Bd3 Re8 10. O-O Nd7 11. Re1 b6 12. cxd5 exd5 13. e4 Bb7 14. Qb3 Nf8 15. exd5 Rxe1+ 16. Rxe1 cxd5 17. Bf5 Qd6 18. g3 Ne6 19. Bxe6 fxe6 20. Ne5 Bc6 21. f4 Bxe5 22. Rxe5 Rf8 23. Qc2 Bd7 24. a3 b5 25. Qb3 Rb8 26. Na2 Rc8 27. Re1 Rc4 28. Qd3 Qb6 29. Rd1 a5 30. b3 Rc8 31. Qd2 a4 32. Rc1 axb3 33. Rxc8+ Bxc8 34. Nc1 b2 35. Qxb2 Qc6 36. Nd3 Bd7 37. Ne5 Qc7 38. Kf2 Be8 39. Ke3 Qa5 40. Qb4 Qxb4 41. axb4 Kf8 42. g4 Ke7 43. Kf3 Kf6 44. Kg3 g6 45. Kh4 Kg7 46. g5 h5 47. Kg3 1/2-1/2

[Event "32.Schlosspark-Open"]
[Site "Wiesbaden-Biebrich"]
[Date "2023.08.25"]
[Round "3.43"]
[White "Pauls, Wilhelm"]
[Black "Bolduan, Michael"]
[Result "1-0"]
[WhiteElo "1957"]
[BlackElo "1797"]
[PlyCount "31"]
[EventDate "2023.??.??"]
[WhiteTeam "Sportgemeinschaft Kaarst 1912/35"]
[BlackTeam "Sfr Stiller Zug Wiesbaden"]

1. e4 e6 2. d4 d5 3. Nc3 dxe4 4. Nxe4 Nf6 5. Nxf6+ gxf6 6. Nf3 Bd7 7. Bf4 Bc6 8. Bd3 Nd7 9. O-O Nb6 10. c4 Be7 11. Re1 O-O 12. d5 exd5 13. Nd4 dxc4 14. Bxh7+ Kxh7 15. Qh5+ Kg7 16. Nf5+ 1-0

[Event "32.Schlosspark-Open"]
[Site "Wiesbaden-Biebrich"]
[Date "2023.08.25"]
[Round "3.44"]
[White "Martin, Reiner"]
[Black "Rabiya, Karim"]
[Result "1-0"]
[WhiteElo "1975"]
[BlackElo "1758"]
[PlyCount "45"]
[EventDate "2023.??.??"]
[WhiteTeam "SC Bad Soden"]
[BlackTeam "SK Niederbrechen 1948"]

1. d4 Nf6 2. c4 e6 3. Nc3 Bb4 4. f3 c5 5. d5 d6 6. e4 O-O 7. Nge2 exd5 8. cxd5 Re8 9. Ng3 a6 10. a4 Nbd7 11. Be2 Ne5 12. O-O Bd7 13. Qc2 c4 14. Kh1 h6 15. Be3 Qc7 16. h3 b5 17. f4 Ng6 18. Bd4 Bc5 19. Bxf6 gxf6 20. f5 Ne5 21. Qd2 Kf8 22. Qxh6+ Ke7 23. Nh5 1-0

[Event "32.Schlosspark-Open"]
[Site "Wiesbaden-Biebrich"]
[Date "2023.08.25"]
[Round "3.45"]
[White "Meding, Olaf"]
[Black "Blübaum, Johanna"]
[Result "0-1"]
[WhiteElo "1770"]
[BlackElo "1969"]
[PlyCount "62"]
[EventDate "2023.??.??"]
[WhiteTeam "Sfr.Mainz 1928"]
[BlackTeam "SV Königsspringer Lemgo"]

1. d4 d5 2. Nf3 c5 3. e3 Nc6 4. c3 Bf5 5. Bd3 Bxd3 6. Qxd3 e6 7. O-O Nf6 8. Nbd2 Be7 9. Ne5 Nxe5 10. dxe5 Nd7 11. f4 c4 12. Qe2 b5 13. e4 Nc5 14. exd5 Qxd5 15. Nf3 Nd3 16. Be3 O-O 17. Rfd1 Qe4 18. g3 Bc5 19. Re1 Nxe1 20. Rxe1 Bxe3+ 21. Qxe3 Qxe3+ 22. Rxe3 Rfd8 23. Nd4 b4 24. Kf2 bxc3 25. bxc3 Rab8 26. Re2 Rb6 27. Ke3 Kf8 28. g4 Ke7 29. h4 Rdb8 30. h5 Kd7 31. Ke4 Rb2 0-1

[Event "32.Schlosspark-Open"]
[Site "Wiesbaden-Biebrich"]
[Date "2023.08.25"]
[Round "3.46"]
[White "Albert, Ingo"]
[Black "Mönch, Dorothée"]
[Result "1/2-1/2"]
[WhiteElo "1968"]
[BlackElo "1710"]
[PlyCount "24"]
[EventDate "2023.??.??"]
[WhiteTeam "FT Schierstein"]
[BlackTeam "Sfr.Mainz 1928"]

1. e4 d6 2. d4 g6 3. Nf3 Bg7 4. Nc3 c5 5. Be3 Qa5 6. Be2 Nc6 7. O-O cxd4 8. Nxd4 Nf6 9. a3 O-O 10. h3 a6 11. Nb3 Qc7 12. Bg5 Be6 1/2-1/2

[Event "32.Schlosspark-Open"]
[Site "Wiesbaden-Biebrich"]
[Date "2023.08.25"]
[Round "3.47"]
[White "Burkhardt, Jan"]
[Black "Dörr, Tarik"]
[Result "0-1"]
[WhiteElo "1685"]
[BlackElo "1957"]
[PlyCount "80"]
[EventDate "2023.??.??"]
[WhiteTeam "Sfr.Mainz 1928"]
[BlackTeam "SC Einrich e.V."]

1. e4 e6 2. Nf3 d5 3. Nc3 d4 4. Ne2 c5 5. c3 Nf6 6. Ng3 a6 7. d3 Nc6 8. Be2 Be7 9. O-O O-O 10. h3 Qc7 11. Nh2 b5 12. f4 Bb7 13. Ng4 Nxg4 14. Bxg4 Rad8 15. e5 c4 16. dxc4 bxc4 17. Qe1 Bh4 18. Kh2 d3 19. Bd2 Ne7 20. f5 exf5 21. Bxf5 Qc6 22. Rf2 Bxg3+ 23. Kxg3 Nxf5+ 24. Rxf5 Qxg2+ 25. Kh4 h6 26. Qe3 Qe4+ 27. Qxe4 Bxe4 28. Rf2 Rfe8 29. Rg1 g5+ 30. Kh5 Kg7 31. h4 Bg6+ 32. Kg4 Rxe5 33. hxg5 h5+ 34. Kh4 Rde8 35. b3 Re2 36. Rgg2 Bf5 37. Rxe2 dxe2 38. Be1 Re3 39. Rg3 Re4+ 40. Kxh5 Bg6# 0-1

[Event "32.Schlosspark-Open"]
[Site "Wiesbaden-Biebrich"]
[Date "2023.08.25"]
[Round "3.48"]
[White "Gerhard, Dominik"]
[Black "Tremöhlen, Thomas"]
[Result "0-1"]
[WhiteElo "1628"]
[BlackElo "1953"]
[PlyCount "54"]
[EventDate "2023.??.??"]
[WhiteTeam "SV Oberursel"]
[BlackTeam "Sportgemeinschaft Kaarst 1912/35"]

1. c4 Nf6 2. Nc3 g6 3. e4 d6 4. d4 Bg7 5. h3 O-O 6. Nf3 c5 7. d5 e6 8. Bd3 exd5 9. exd5 Re8+ 10. Be3 Bh6 11. Qd2 Qe7 12. Nd1 Ne4 13. Bxe4 Qxe4 14. O-O Bg7 15. Rc1 Bxh3 16. Nc3 Bxc3 17. Qxc3 Bxg2 18. Bh6 Re5 19. Nxe5 Bxf1 20. Nf3 Qg4+ 21. Kxf1 Qh3+ 22. Kg1 Qxh6 23. Re1 Qf8 24. Qf6 Nd7 25. Qe7 Rd8 26. Ng5 Ne5 27. Qxb7 h6 0-1

[Event "32.Schlosspark-Open"]
[Site "Wiesbaden-Biebrich"]
[Date "2023.08.25"]
[Round "3.49"]
[White "Ehmann, Johanna"]
[Black "Leitzig, Reamonn Franky James"]
[Result "1-0"]
[WhiteElo "1864"]
[BlackElo "1468"]
[PlyCount "65"]
[EventDate "2023.??.??"]
[WhiteTeam "SK Oberkirch"]
[BlackTeam "SV 1934 Ffm-Griesheim"]

1. e4 c5 2. Nf3 d6 3. d4 cxd4 4. Nxd4 Nf6 5. Nc3 a6 6. f3 e5 7. Nb3 Be6 8. Be3 Be7 9. Qd2 O-O 10. O-O-O Nbd7 11. Kb1 b5 12. g4 b4 13. Nd5 Bxd5 14. exd5 Nb6 15. Bxb6 Qxb6 16. h4 a5 17. h5 a4 18. Na1 Ra5 19. Bc4 Rc8 20. Qd3 Rcc5 21. g5 Nxd5 22. g6 Qc6 23. gxf7+ Kh8 24. Qf5 Ra8 25. h6 g6 26. Qe6 Rxc4 27. Rxd5 Qc7 28. Rg1 g5 29. Rxg5 Qd8 30. Rxd6 Bxd6 31. Rg8+ Qxg8 32. Qf6+ Qg7 33. Qxg7# 1-0

[Event "32.Schlosspark-Open"]
[Site "Wiesbaden-Biebrich"]
[Date "2023.08.25"]
[Round "3.50"]
[White "Knödler, Marcel"]
[Black "Michalski, Uwe"]
[Result "1-0"]
[WhiteElo "1849"]
[BlackElo "1667"]
[PlyCount "55"]
[EventDate "2023.??.??"]
[WhiteTeam "Wiesbadener SV 1885"]
[BlackTeam "Sfr.Mainz 1928"]

1. c4 e5 2. g3 Nc6 3. Bg2 d6 4. Nc3 h5 5. h4 Nf6 6. d3 Be7 7. a3 O-O 8. b4 Nd4 9. Nf3 Nf5 10. Bd2 c6 11. Qb3 Ng4 12. e4 Nfh6 13. Rf1 a5 14. b5 d5 15. cxd5 Bc5 16. Na4 Bxf2+ 17. Rxf2 Nxf2 18. Kxf2 Ng4+ 19. Ke2 cxd5 20. Qxd5 Qxd5 21. exd5 Bf5 22. Ng5 Rfe8 23. Nb6 Ra7 24. Nc4 Bd7 25. a4 f6 26. Ne6 Bxe6 27. dxe6 Rea8 28. b6 1-0

[Event "32.Schlosspark-Open"]
[Site "Wiesbaden-Biebrich"]
[Date "2023.08.25"]
[Round "3.51"]
[White "Ahrends, Norbert"]
[Black "Schmid, Leon"]
[Result "1-0"]
[WhiteElo "1933"]
[BlackElo "1623"]
[PlyCount "73"]
[EventDate "2023.??.??"]
[WhiteTeam "SK 1980 Gernsheim"]
[BlackTeam "Sfr.Heidesheim"]

1. d4 Nf6 2. c4 g6 3. f3 c6 4. e4 d5 5. Nc3 dxe4 6. fxe4 Bg7 7. Nf3 Bg4 8. Be2 O-O 9. Be3 Qc7 10. Qc2 Nfd7 11. O-O-O e5 12. d5 cxd5 13. Nxd5 Qa5 14. Kb1 Be6 15. h4 Bxd5 16. cxd5 Na6 17. Bxa6 bxa6 18. Qd2 Qb5 19. Rc1 Nb6 20. Bxb6 Qxb6 21. Rc6 Qb7 22. Rhc1 Rfc8 23. Qc2 Rxc6 24. Qxc6 Qxc6 25. Rxc6 f5 26. Nd2 Rd8 27. Rxa6 fxe4 28. Nxe4 Rxd5 29. Rxa7 h6 30. Ra4 Kf7 31. Kc2 Ke6 32. g4 h5 33. Ra6+ Kf7 34. Ng5+ Ke7 35. Rxg6 Bf6 36. Ne4 Bxh4 37. gxh5 1-0

[Event "32.Schlosspark-Open"]
[Site "Wiesbaden-Biebrich"]
[Date "2023.08.25"]
[Round "3.52"]
[White "Rump, Andreas"]
[Black "Tiggemann, Felix"]
[Result "1/2-1/2"]
[WhiteElo "1931"]
[BlackElo "1606"]
[PlyCount "46"]
[EventDate "2023.??.??"]
[WhiteTeam "SG Turm Idstein"]
[BlackTeam "SF Schöneck"]

1. d4 Nf6 2. c4 d6 3. Nc3 Nbd7 4. e4 e5 5. Nf3 Be7 6. Be2 O-O 7. d5 Nc5 8. Nd2 a5 9. O-O Bd7 10. Rb1 Qc8 11. a3 a4 12. Re1 Ne8 13. b4 axb3 14. Nxb3 Nxb3 15. Qxb3 b6 16. f4 exf4 17. Bxf4 Bf6 18. Nb5 Bxb5 19. cxb5 Bd4+ 20. Kh1 Nf6 21. Qf3 Re8 22. Bc4 Qg4 23. Rb3 Qxf3 1/2-1/2

[Event "32.Schlosspark-Open"]
[Site "Wiesbaden-Biebrich"]
[Date "2023.08.25"]
[Round "3.53"]
[White "Brauch, Manfred"]
[Black "Bremer, Vincent"]
[Result "0-1"]
[WhiteElo "1750"]
[BlackElo "1925"]
[PlyCount "60"]
[EventDate "2023.??.??"]
[WhiteTeam "SG Pieroth/Burg Layen"]
[BlackTeam "TSG 1846 Bretzenheim/ZMO"]

1. d4 b5 2. Nf3 Bb7 3. e3 a6 4. b3 e6 5. Bb2 Nf6 6. Nbd2 c5 7. Be2 cxd4 8. Bxd4 Nc6 9. Bb2 d5 10. O-O Be7 11. c4 bxc4 12. bxc4 O-O 13. cxd5 Nxd5 14. Rb1 Qc7 15. Qa4 Rab8 16. Nc4 f6 17. Rfc1 Rfc8 18. Na5 Qxa5 19. Qg4 Nd8 20. Bd3 Nb4 21. Bc3 Rxc3 22. Bxh7+ Kxh7 23. Rxc3 Bxf3 24. Qxf3 Qf5 25. Qxf5+ exf5 26. a3 Nbc6 27. Rxb8 Nxb8 28. a4 a5 29. Rb3 Bb4 30. f4 Nb7 0-1

[Event "32.Schlosspark-Open"]
[Site "Wiesbaden-Biebrich"]
[Date "2023.08.25"]
[Round "3.54"]
[White "Müller, Lutz"]
[Black "Faßler, Felix"]
[Result "1-0"]
[WhiteElo "1915"]
[BlackElo "1596"]
[PlyCount "71"]
[EventDate "2023.??.??"]
[WhiteTeam "Sfr.Mainz 1928"]
[BlackTeam "SC Fulda"]

1. d4 d5 2. Nf3 Nf6 3. Bf4 c5 4. e3 cxd4 5. exd4 Nc6 6. Bb5 Bg4 7. h3 Bh5 8. Nbd2 e6 9. g4 Bg6 10. Ne5 Rc8 11. h4 h6 12. Nxg6 fxg6 13. c3 Bd6 14. Be3 O-O 15. Bd3 e5 16. Bxg6 exd4 17. cxd4 Qe7 18. Qe2 Ne4 19. Nxe4 dxe4 20. a3 Qf6 21. Bxe4 Nxd4 22. Qd1 Nf3+ 23. Bxf3 Qxf3 24. Qxf3 Rxf3 25. Ke2 Rf7 26. Rac1 Rfc7 27. Rxc7 Rxc7 28. Rc1 Rxc1 29. Bxc1 b5 30. Kd3 Kf7 31. Ke4 Ke6 32. h5 Be7 33. Be3 a6 34. Bd4 Bf8 35. Bc3 Kd6 36. Bb4+ 1-0

[Event "32.Schlosspark-Open"]
[Site "Wiesbaden-Biebrich"]
[Date "2023.08.25"]
[Round "3.55"]
[White "Stephanblome, Felix"]
[Black "Derr, Oleg"]
[Result "1/2-1/2"]
[WhiteElo "1718"]
[BlackElo "1755"]
[PlyCount "27"]
[EventDate "2023.??.??"]
[WhiteTeam "SV 1934 Ffm-Griesheim"]
[BlackTeam "VSG 1880 Offenbach"]

1. e4 c5 2. b3 e6 3. Bb2 Nc6 4. Bb5 d5 5. Bxc6+ bxc6 6. d3 Nf6 7. Nd2 Be7 8. Ngf3 Ba6 9. c4 O-O 10. Qc2 Qc7 11. O-O Nd7 12. Rac1 Rac8 13. Rfe1 Bf6 14. Bxf6 1/2-1/2